000 00707nam a2200205Ia 4500
003 GCL
008 140319s9999 xx 000 0 ara d
040 _aGCL /
_cGCL
082 0 4 _a657.45
_bم د
100 1 _aمحمود السيد الناغى
245 1 0 _aدراسات فى المعايير الدولية للمراجعة /
_cمحمود السيد الناغى
250 _aالاولى
260 _aالقاهرة :
_bالمكتبة العصرية للنشر والتوزيع ،
_c2000
300 _a507 ص ؛
_c24 سم
650 0 4 _aمراجعة الحسابات
650 0 4 _aالمحاسبة
650 0 4 _aالمحاسبة الادارية
650 0 4 _aالحسابات
942 _2ddc
_cBK
999 _c5647
_d5647